Les artistes les plus écoutés sur Spotify en 2025 dans le monde - Statistiques

Statistiques générales
  • Ce quiz a été pris 76 fois
  • Le résultat moyen est 5 sur 10
Statistiques - réponses
Classement Artiste % Correct
2 Taylor Swift
84%
3 The Weeknd
63%
4 Drake
58%
8 Ariana Grande
56%
1 Bad Bunny
53%
7 Bruno Mars
52%
6 Kendrick Lamar
42%
5 Billie Eilish
37%
9 Arijit Singh
3%
10 Fuerza Regida
2%
Aucun quiz correspondant
Distribution des résultats
% des personnes avec chaque résultat
Percentile par nombre de réponses
Votre historique - résultats
Vous n’avez pas pris ce quiz